Compartment syndrome of the lower leg after punch biopsy

Saved in:
Bibliographic Details
Main Authors: Faulhaber, Jörg (Author) , Koenen, Wolfgang (Author) , Weiß, Birgit (Author) , Goerdt, Sergij (Author) , Schneider, Stefan W. (Author)
Format: Article (Journal)
Language:English
Published: 30 January 2012
In: Dermatologic surgery
Year: 2012, Volume: 38, Issue: 2, Pages: 277-278
ISSN:1524-4725
DOI:10.1111/j.1524-4725.2011.02244.x
Online Access:Verlag, Volltext: http://dx.doi.org/10.1111/j.1524-4725.2011.02244.x
Get full text
Author Notes:Jörg Faulhaber, Heimo Ehmke, Wolfgang Koenen, Birgit Weiss, Sergij Goerdt, and Stefan W. Schneider

MARC

LEADER 00000caa a2200000 c 4500
001 1583628126
003 DE-627
005 20220815052734.0
007 cr uuu---uuuuu
008 181112s2012 xx |||||o 00| ||eng c
024 7 |a 10.1111/j.1524-4725.2011.02244.x  |2 doi 
035 |a (DE-627)1583628126 
035 |a (DE-576)513628126 
035 |a (DE-599)BSZ513628126 
035 |a (OCoLC)1341023463 
040 |a DE-627  |b ger  |c DE-627  |e rda 
041 |a eng 
084 |a 33  |2 sdnb 
100 1 |a Faulhaber, Jörg  |d 1970-  |e VerfasserIn  |0 (DE-588)120923947  |0 (DE-627)705093743  |0 (DE-576)292450869  |4 aut 
245 1 0 |a Compartment syndrome of the lower leg after punch biopsy  |c Jörg Faulhaber, Heimo Ehmke, Wolfgang Koenen, Birgit Weiss, Sergij Goerdt, and Stefan W. Schneider 
264 1 |c 30 January 2012 
300 |a 2 
336 |a Text  |b txt  |2 rdacontent 
337 |a Computermedien  |b c  |2 rdamedia 
338 |a Online-Ressource  |b cr  |2 rdacarrier 
500 |a Gesehen am 12.11.2018 
650 4 |a Adult 
650 4 |a Anterior Compartment Syndrome 
650 4 |a Biopsy, Needle 
650 4 |a Humans 
650 4 |a Leg 
650 4 |a Male 
650 4 |a Skin 
700 1 |a Koenen, Wolfgang  |d 1969-  |e VerfasserIn  |0 (DE-588)124626076  |0 (DE-627)36345344X  |0 (DE-576)294419063  |4 aut 
700 1 |a Weiß, Birgit  |e VerfasserIn  |0 (DE-588)117124004X  |0 (DE-627)1040438970  |0 (DE-576)513650504  |4 aut 
700 1 |a Goerdt, Sergij  |d 1959-  |e VerfasserIn  |0 (DE-588)1027602177  |0 (DE-627)729460010  |0 (DE-576)373451512  |4 aut 
700 1 |a Schneider, Stefan W.  |d 1966-  |e VerfasserIn  |0 (DE-588)137570546  |0 (DE-627)593664868  |0 (DE-576)304124702  |4 aut 
773 0 8 |i Enthalten in  |t Dermatologic surgery  |d London [u.a.] : Lippincott Williams & Wilkins, 1995  |g 38(2012), 2, Seite 277-278  |h Online-Ressource  |w (DE-627)320600130  |w (DE-600)2020062-6  |w (DE-576)091143349  |x 1524-4725  |7 nnas  |a Compartment syndrome of the lower leg after punch biopsy 
773 1 8 |g volume:38  |g year:2012  |g number:2  |g pages:277-278  |g extent:2  |a Compartment syndrome of the lower leg after punch biopsy 
856 4 0 |u http://dx.doi.org/10.1111/j.1524-4725.2011.02244.x  |x Verlag  |x Resolving-System  |3 Volltext 
951 |a AR 
992 |a 20181112 
993 |a Article 
994 |a 2012 
998 |g 137570546  |a Schneider, Stefan W.  |m 137570546:Schneider, Stefan W.  |d 60000  |d 61900  |e 60000PS137570546  |e 61900PS137570546  |k 0/60000/  |k 1/60000/61900/  |p 6  |y j 
998 |g 1027602177  |a Goerdt, Sergij  |m 1027602177:Goerdt, Sergij  |d 60000  |d 61900  |e 60000PG1027602177  |e 61900PG1027602177  |k 0/60000/  |k 1/60000/61900/  |p 5 
998 |g 117124004X  |a Weiß, Birgit  |m 117124004X:Weiß, Birgit  |d 60000  |d 61800  |e 60000PW117124004X  |e 61800PW117124004X  |k 0/60000/  |k 1/60000/61800/  |p 4 
998 |g 124626076  |a Koenen, Wolfgang  |m 124626076:Koenen, Wolfgang  |d 60000  |d 61900  |e 60000PK124626076  |e 61900PK124626076  |k 0/60000/  |k 1/60000/61900/  |p 3 
998 |g 120923947  |a Faulhaber, Jörg  |m 120923947:Faulhaber, Jörg  |d 60000  |d 61900  |e 60000PF120923947  |e 61900PF120923947  |k 0/60000/  |k 1/60000/61900/  |p 1  |x j 
999 |a KXP-PPN1583628126  |e 3032061938 
BIB |a Y 
SER |a journal 
JSO |a {"note":["Gesehen am 12.11.2018"],"person":[{"given":"Jörg","display":"Faulhaber, Jörg","family":"Faulhaber","role":"aut"},{"role":"aut","display":"Koenen, Wolfgang","given":"Wolfgang","family":"Koenen"},{"given":"Birgit","display":"Weiß, Birgit","family":"Weiß","role":"aut"},{"role":"aut","family":"Goerdt","display":"Goerdt, Sergij","given":"Sergij"},{"role":"aut","family":"Schneider","display":"Schneider, Stefan W.","given":"Stefan W."}],"language":["eng"],"name":{"displayForm":["Jörg Faulhaber, Heimo Ehmke, Wolfgang Koenen, Birgit Weiss, Sergij Goerdt, and Stefan W. Schneider"]},"physDesc":[{"extent":"2 S."}],"title":[{"title_sort":"Compartment syndrome of the lower leg after punch biopsy","title":"Compartment syndrome of the lower leg after punch biopsy"}],"origin":[{"dateIssuedDisp":"30 January 2012","dateIssuedKey":"2012"}],"relHost":[{"part":{"text":"38(2012), 2, Seite 277-278","volume":"38","extent":"2","year":"2012","pages":"277-278","issue":"2"},"pubHistory":["21.1995 -"],"id":{"issn":["1524-4725"],"doi":["10.1111/(ISSN)1524-4725"],"eki":["320600130"],"zdb":["2020062-6"]},"recId":"320600130","note":["Gesehen am 07.10.20"],"disp":"Compartment syndrome of the lower leg after punch biopsyDermatologic surgery","language":["eng"],"physDesc":[{"extent":"Online-Ressource"}],"title":[{"title":"Dermatologic surgery","subtitle":"the official journal of the American Society for Dermatologic Surgery (ASDS), the American College of Mohs Surgery (ACMS), the International Society of Hair Restoration Surgery (ISHRS), and the Dermatologic & Aesthetic Surgery International League (DASIL)","title_sort":"Dermatologic surgery"}],"origin":[{"dateIssuedKey":"1995","dateIssuedDisp":"1995-","publisher":"Lippincott Williams & Wilkins ; Elsevier ; Blackwell ; Wiley-Blackwell","publisherPlace":"London [u.a.] ; Amsterdam [u.a.] ; Oxford [u.a.] ; Oxford [u.a.]"}],"titleAlt":[{"title":"the official publication of American Society for Dermatologic Surgery ; American College of Mohs Micrographic Surgery and Cutaneous Oncology ; International Society for Dermatologic Surgery ; American College of Phlebology ; International Society of Hair Restoration Surgery ; International Society of Cosmetic Laser Surgery"}],"type":{"bibl":"periodical","media":"Online-Ressource"}}],"type":{"media":"Online-Ressource","bibl":"article-journal"},"id":{"doi":["10.1111/j.1524-4725.2011.02244.x"],"eki":["1583628126"]},"recId":"1583628126"} 
SRT |a FAULHABERJCOMPARTMEN3020